00698nam a2200181 a 450000100100000000500170001000800410002704000250006808200150009310000270010824500640013526000420019930000210024149000220026283000290028495201860031399900170049900003542920200930074333.0111031s1945 ag 000 0 spa d aDO-SdBNPbspacBNPHU axxxxbxxxx1 aVera, Francisco95720310aEvolución del pensamiento cientifíco /cFrancisco Vera. aBuenos Aires, :bSudamericana,c1945. a176 p. :b21 cm.1 aCiencia y cultura 0aCiencia y cultura961264 001050718RVaGRbGRcHDd2011-10-31iLF1l0oxxxx xxxxp35429-10r2020-06-25w2020-06-25y1zPerteneció a la biblioteca personal de Juan Isidro Jimenez Grullón.ZNo se presta c34920d34920